El precio del estaño

Gespeichert in:
Bibliographische Detailangaben
1. Verfasser: Taboada Terán, Nestor
Format: Buch
Sprache:Undetermined
Veröffentlicht: La Paz, Bolivia Gisbert 1983
Ausgabe:3
Schlagworte:
Tags: Tag hinzufügen
Keine Tags, Fügen Sie den ersten Tag hinzu!

MARC

LEADER 00000nam a2200000Ia 4500
008 170316s9999 xx 000 0 und d
040 |a cru BVZT 
090 |a 860 T-1.1p 
100 |a Taboada Terán, Nestor 
245 |a El precio del estaño 
250 |a 3 
260 |a La Paz, Bolivia 
260 |b Gisbert 
260 |c 1983 
300 |a 257 páginas 
650 |a LITERATURA LATINOAMERICANA 
650 |a LITERATURA BOLIVIANA 
650 |a HISTORIA 
650 |a NOVELA 
999 |c 9274  |d 9274 
942 |c 15 D  |h 860 T-1.1p  |2 z